Amphoto guide to black-and-white processing and printing /

Bibliographic Details
Main Author: Manella, Douglas
Format: Book
Language:English
Published: Garden City, N.Y. : Amphoto, [1978]
Subjects:

MARC

Tag First Indicator Second Indicator Subfields
LEADER 00000pam a2200000 i 4500
001 in00000087531
005 20151008064833.0
008 781012s1979 nyua 00110 eng
010 |a  78021632  
020 |a 081742461X :  |c $8.95 
020 |a 0817421351 (pbk.) :  |c $5.95 
035 |a (OCoLC)04494207 
035 |9 AAK4886AM 
040 |a DLC  |c DLC  |d TXA  |d UtOrBLW 
049 |a TXAM  |c  [1502674] 
050 0 0 |a TR287  |b .M33 
082 0 |a 770/.28 
100 1 |a Manella, Douglas. 
245 1 0 |a Amphoto guide to black-and-white processing and printing /  |c Douglas Manella. 
264 1 |a Garden City, N.Y. :  |b Amphoto,  |c [1978] 
300 |a 160 pages :  |b illustrations ;  |c 22 cm. 
336 |a text  |b txt  |2 rdacontent 
337 |a unmediated  |b n  |2 rdamedia 
338 |a volume  |b nc  |2 rdacarrier 
500 |a Includes index. 
650 0 |a Photography  |x Processing. 
650 0 |a Photography  |x Printing processes. 
999 |a MARS 
999 f f |s de47c0f4-8850-3073-896c-08decf912057  |i 31a2457a-886a-3ef2-92ec-ab54a9106841  |t 0 
952 f f |p ric  |a Texas A&M University  |b Rellis Campus  |c Joint Library Facility  |d Remote Storage  |t 0  |e TR287 .M33  |h Library of Congress classification  |i unmediated -- volume  |m A14805626222 
998 f f |a TR287 .M33  |t 0  |l Remote Storage